LEADER 02723nam 2200481 450 001 996418436203316 005 20210213172657.0 010 $a3-030-56810-5 024 7 $a10.1007/978-3-030-56810-8 035 $a(CKB)4100000011457874 035 $a(DE-He213)978-3-030-56810-8 035 $a(MiAaPQ)EBC6350845 035 $a(PPN)250221659 035 $a(EXLCZ)994100000011457874 100 $a20210213d2020 uy 0 101 0 $aeng 135 $aurnn|008mamaa 181 $ctxt$2rdacontent 182 $cc$2rdamedia 183 $acr$2rdacarrier 200 10$aReheating after inflation /$fKaloian Lozanov 205 $a1st ed. 2020. 210 1$aCham, Switzerland :$cSpringer,$d[2020] 210 4$dİ2020 215 $a1 online resource (IX, 92 p. 15 illus., 13 illus. in color.) 225 1 $aSpringerBriefs in Physics,$x2191-5423 311 $a3-030-56809-1 327 $aInflation and initial conditions for reheating -- Preheating: the decay of the infliaton condensate -- Non-linear reheating -- Reheating and High-Energy Physics models -- Observational implications and signatures of reheating. 330 $aThis book provides a pedagogical introduction to the rapidly growing field of reheating after inflation. It begins with a brief review of the inflationary paradigm and a motivation for why the reheating of the universe is an integral part of inflationary cosmology. It then goes on to survey different aspects of reheating in a chronological manner, starting from the young, empty and cold universe at the end of inflation, and going all the way to the hot and thermal universe at the beginning of the Big Bang nucleosynthesis epoch. Different particle production mechanisms are considered with a focus on the non-perturbative excitation of scalar fields at the beginning of reheating (fermionic and vector fields are also discussed). This is followed by a review of the subsequent non-linear dynamical processes, such as soliton formation and relativistic turbulence. Various thermalization processes are also discussed. High energy physics embeddings of phenomenological models as well as observational implications of reheating such as gravitational waves generation and imprints on the cosmic microwave background are also covered. 410 0$aSpringerBriefs in Physics,$x2191-5423 606 $aAstrophysics$xResearch 606 $aBig bang theory 615 0$aAstrophysics$xResearch. 615 0$aBig bang theory. 676 $a523.01 700 $aLozanov$b Kaloian$0843810 801 0$bMiAaPQ 801 1$bMiAaPQ 801 2$bMiAaPQ 906 $aBOOK 912 $a996418436203316 996 $aReheating After Inflation$91882676 997 $aUNISA LEADER 04126nam 22008412 450 001 9910781974603321 005 20151005020623.0 010 $a1-107-22473-X 010 $a1-139-13996-7 010 $a1-283-31517-3 010 $a9786613315175 010 $a1-139-13920-7 010 $a0-511-98053-1 010 $a1-139-14498-7 010 $a1-139-14078-7 010 $a1-139-13765-4 010 $a1-139-14166-X 035 $a(CKB)2550000000057852 035 $a(EBL)803199 035 $a(OCoLC)763158114 035 $a(SSID)ssj0000534433 035 $a(PQKBManifestationID)11347196 035 $a(PQKBTitleCode)TC0000534433 035 $a(PQKBWorkID)10518354 035 $a(PQKB)10750988 035 $a(UkCbUP)CR9780511980534 035 $a(MiAaPQ)EBC803199 035 $a(Au-PeEL)EBL803199 035 $a(CaPaEBR)ebr10506171 035 $a(CaONFJC)MIL331517 035 $a(EXLCZ)992550000000057852 100 $a20141103d2011|||| uy| 0 101 0 $aeng 135 $aur||||||||||| 181 $ctxt$2rdacontent 182 $cc$2rdamedia 183 $acr$2rdacarrier 200 10$aBeyond combat $ewomen and gender in the Vietnam War era /$fHeather Marie Stur$b[electronic resource] 210 1$aCambridge :$cCambridge University Press,$d2011. 215 $a1 online resource (xiii, 263 pages) $cdigital, PDF file(s) 300 $aTitle from publisher's bibliographic system (viewed on 05 Oct 2015). 311 $a0-521-12741-6 311 $a0-521-76275-8 320 $aIncludes bibliographical references and index. 327 $aVietnamese women in the American mind: gender, race, and the Vietnam War -- "She could be the girl next door": the Red Cross SRAO in Vietnam -- "We weren't called soldiers, we were called ladies": WACs and nurses in Vietnam -- Gender and America's "faces of domination" in Vietnam -- Liberating men and women: antiwar GIs speak out against the warrior myth -- Conclusion: "You've come a long way ... maybe": gender after Vietnam. 330 $aBeyond Combat investigates how the Vietnam War both reinforced and challenged the gender roles that were key components of American Cold War ideology. Refocusing attention onto women and gender paints a more complex and accurate picture of the war's far-reaching impact beyond the battlefields. Encounters between Americans and Vietnamese were shaped by a cluster of intertwined images used to make sense of and justify American intervention and use of force in Vietnam. These images included the girl next door, a wholesome reminder of why the United States was committed to defeating Communism, and the treacherous and mysterious 'dragon lady', who served as a metaphor for Vietnamese women and South Vietnam. Heather Stur also examines the ways in which ideas about masculinity shaped the American GI experience in Vietnam and, ultimately, how some American men and women returned from Vietnam to challenge homefront gender norms. 606 $aVietnam War, 1961-1975$xWomen 606 $aVietnam War, 1961-1975$xParticipation, Female 606 $aVietnam War, 1961-1975$xSocial aspects 606 $aWomen$zUnited States$xHistory$y20th century 606 $aWomen$zVietnam$xHistory$y20th century 606 $aSex role$zUnited States$xHistory$y20th century 606 $aSex role$zVietnam$xHistory$y20th century 606 $aMasculinity$zUnited States$xHistory$y20th century 606 $aMasculinity$zVietnam$xHistory$y20th century 615 0$aVietnam War, 1961-1975$xWomen. 615 0$aVietnam War, 1961-1975$xParticipation, Female. 615 0$aVietnam War, 1961-1975$xSocial aspects. 615 0$aWomen$xHistory 615 0$aWomen$xHistory 615 0$aSex role$xHistory 615 0$aSex role$xHistory 615 0$aMasculinity$xHistory 615 0$aMasculinity$xHistory 676 $a959.704/3082 686 $aHIS036000$2bisacsh 700 $aStur$b Heather Marie$f1975-$01495669 801 0$bUkCbUP 801 1$bUkCbUP 906 $aBOOK 912 $a9910781974603321 996 $aBeyond combat$93719854 997 $aUNINA